| 000 | 00639nam a2200205 a 4500 | ||
|---|---|---|---|
| 999 |
_c3087 _d3087 |
||
| 001 | 3087 | ||
| 003 | BD-JhCC | ||
| 005 | 20171109194445.0 | ||
| 008 | 171109s1370 bg ||||| |||| 000 0 ben d | ||
| 035 | _a(BD-JhCC) | ||
| 040 |
_aBD-JhCC _dBD-JhCC |
||
| 041 | _aben | ||
| 082 |
_a891.442 _bHAQ 1370 |
||
| 100 | _aহক, আবু সাঈদ জহুরুল | ||
| 245 |
_aকিশোরমেলা / _cআবু সাঈদ জহুরুল হক |
||
| 260 |
_aঢাকা: _bবাংলা একাডেমী ; _c১৩৭০ |
||
| 300 |
_a৫৩ পৃ.; _c২২ সেমি |
||
| 650 | _aBengali Drama | ||
| 942 |
_2ddc _cBK |
||